Návrh prípravku na upnutie drôtov pre dlhodobé testovanie

Gespeichert in:
Bibliographische Detailangaben
1. Verfasser: Kaprinay, Alexander, 1985- (Verfasst von)
Weitere Verfasser: Kusá, Martina, 1975- (Betreuung Doktorarbeit)
Format: Manuskript Buch
Sprache:Slowakisch
Veröffentlicht: 2015
Schlagworte:
Online-Zugang:http://is.stuba.sk/zp/portal_zp.pl?podrobnosti=110866
Tags: Tag hinzufügen
Keine Tags, Fügen Sie das erste Tag hinzu!

MARC

LEADER 00000ntm a22000003a 4500
001 stuzp50839
003 SK-STU
005 20160719153700.7
007 ta
008 150427s2015----xo-----f-mn---000-0-slo-d
040 |a STU  |b slo 
041 0 |a slo 
100 1 |a Kaprinay, Alexander,  |d 1985-  |u 063000  |4 aut  |U MTF Materiálovotechnologická fakulta  |T MTF Ústav výrobných technológií  |X 69737  |U M3000  |Y 83  |7 A000069737 
242 0 1 |a Design of a Wire Fastening Jig for Long-Term Test Purposes  |y eng 
245 1 0 |a Návrh prípravku na upnutie drôtov pre dlhodobé testovanie 
260 |c 2015 
650 4 |a Test rýchlosti pretvorenia  |2 slo 
650 4 |a Testovacie prostredie  |2 slo 
650 4 |a Prípravok  |2 slo 
650 4 |a Slow strain rate test  |2 eng 
650 4 |a Jig  |2 eng 
650 4 |a Test environment  |2 eng 
700 1 |a Kusá, Martina,  |d 1975-  |4 ths  |X 41722  |7 A000041722 
856 4 |u http://is.stuba.sk/zp/portal_zp.pl?podrobnosti=110866 
996 |c M* DP-12262  |l MMSKP  |s P  |a 0  |w stuzp50839_0001 
SQL |a stuzp50839  |b DDP  |c SLO  |d Návrh prípravku na upnutie drôtov pre dlhodobé testovanie  |e 69737  |f Kaprinay, Alexander  |g 063000  |h 41722  |i Kusá, Martina  |j 20150604  |k 195  |l 06  |m http://is.stuba.sk/zp/portal_zp.pl?podrobnosti=110866  |n I-VZS  |o 5.2.50. výrobná technika